| 000 | 00728cam a22002414a 4500 | ||
|---|---|---|---|
| 001 | 17057261 | ||
| 005 | 20180119033840.0 | ||
| 008 | 111125s2013 maua b 001 0 eng | ||
| 010 | _a 2011046824 | ||
| 020 | _a9780132685184 (pbk.) | ||
| 020 | _a0132685183 (pbk.) | ||
| 040 |
_aDLC _cDLC |
||
| 041 | _aeng | ||
| 080 | _a428.0071 lyn | ||
| 082 | 0 | 0 |
_a428.0071 lyn _223 |
| 100 | 1 | _a46 | |
| 101 | _aedu | ||
| 245 | 1 | 0 |
_aStrategies for teaching English learners / _cLynne T. Díaz-Rico. |
| 504 | _aIncludes bibliographical references and index. | ||
| 906 |
_a7 _bcbc _corignew _d1 _eecip _f20 _gy-gencatlg |
||
| 942 |
_2ddc _cBK |
||
| 999 |
_c40523 _d40523 |
||